00518nam a2200169Ia 4500008004100000082000800041100002800049245006300077250000600140260003200146300001400178500002400192650001800216942000700234952009000241999001700331230524s9999 xx 000 0 und d bMIS aRama Kant Mishra942038 0aMother Earth: Problems of Protection of Global Environment a2 aBBSRbMagnum Printersc2006 a"V,224p;" aQuantity Number: 1 aEnvironmental cBK 00104070aTATCLbTATCLcGENd2023-05-24l0o MISp53892r2023-05-24w2023-05-24yBK c56454d56454